|
|
|
|
| LEADER |
00000nam a2200000Ii 4500 |
| 001 |
DIGCOLMX0402 |
| 003 |
NyNyDIG |
| 006 |
m o d |
| 007 |
cr ||||||||||| |
| 008 |
220509s2017 mx a ob 000 0 spa d |
| 035 |
|
|
|a (OCoLC)1125223158
|
| 040 |
|
|
|a DGITA
|b eng
|e rda
|e pn
|c DGITA
|
| 020 |
|
|
|a 9786076282595
|q eBook
|q ePub
|
| 020 |
|
|
|z 9786076281901
|q impreso
|
| 043 |
|
|
|a n-mx---
|
| 050 |
1 |
4 |
|a HN120.M45 ebook
|
| 082 |
0 |
4 |
|a 305.513097253
|
| 245 |
0 |
0 |
|a Desigualdad, movilidad social y curso de vida en la Ciudad de México /
|c Patricio Solís (editor)
|
| 250 |
|
|
|a Primera edición electrónica.
|
| 264 |
|
1 |
|a Ciudad de México, México :
|b El Colegio de México,
|c 2017.
|
| 300 |
|
|
|a 1 online resource :
|b ilustrations.
|
| 336 |
|
|
|a text
|b txt
|2 rdacontent
|
| 337 |
|
|
|a computer
|b c
|2 rdamedia
|
| 338 |
|
|
|a online resource
|b cr
|2 rdacarrier
|
| 347 |
|
|
|a text file
|2 rdaft
|
| 347 |
|
|
|b EPUB
|
| 500 |
|
|
|a "Centro de Estudios Sociológicos"--Page facing title page.
|
| 504 |
|
|
|a Includes bibliographical references.
|
| 588 |
0 |
|
|a Online resource; title from ePub title page (Digitalia, viewed May 9, 2022)
|
| 650 |
|
0 |
|a Social mobility
|z Mexico
|z Mexico City.
|
| 650 |
|
0 |
|a Occupational mobility
|z Mexico
|z Mexico City.
|
| 650 |
|
0 |
|a Equality
|z Mexico
|z Mexico City.
|
| 655 |
|
0 |
|a Electronic books.
|
| 700 |
1 |
|
|a Solís, Patricio,
|e editor.
|
| 791 |
2 |
|
|a Digitalia (Firm),
|e distributor.
|
| 793 |
0 |
|
|g Digitalia eBook Collection:
|a El Colegio de México
|
| 776 |
0 |
8 |
|i Print version:
|t Desigualdad, movilidad social y curso de vida en la Ciudad de México.
|b Primera edición.
|d Ciudad de México, México : El Colegio de México, 2017
|z 9786076281901
|
| 856 |
4 |
0 |
|3 Digitalia Hispánica
|u https://www.digitaliapublishing.com/a/110293/
|
| 910 |
|
|
|a Premium collection: 2022
|